[Event "DSOL 05 Liga Gr-C 1st"]
[Site "Playchess.com INT"]
[Date "2020.08.14"]
[Round "2.4"]
[White "Pougin, Elias"]
[Black "Raupach, Timo"]
[Result "1-0"]
[WhiteElo "1297"]
[BlackElo "1633"]
[PlyCount "41"]
[EventDate "2020.06.22"]
[EventType "team-tourn (rapid)"]
[EventCountry "GER"]
[SourceTitle "EXT 2021"]
[Source "ChessBase"]
[SourceDate "2020.10.23"]
[SourceVersion "1"]
[SourceVersionDate "2020.10.23"]
[SourceQuality "1"]
[WhiteTeam "Gern SF"]
[BlackTeam "Datteln"]
[WhiteTeamCountry "GER"]
[BlackTeamCountry "GER"]

1. c4 f5 2. g3 Nf6 3. Bg2 g6 4. Nf3 Bg7 5. Nc3 d6 6. 0-0 0-0 7. Rb1 a5 8. a3 e5 9. d3 Na6 10. b4 c6 11. b5 Nc5 12. bxc6 bxc6 13. Be3 Nfd7 14. Na4 Nxa4 15. Qxa4 c5 16. Ng5 Nb6 17. Rxb6 Bd7 18. Qb3 a4 19. Qb1 f4 20. Bxa8 Qxg5 21. Bd5+ 1-0